|
|
|
|
| LEADER |
00641nab a2200193 i 4500 |
| 001 |
acta27024 |
| 005 |
20210223153738.0 |
| 008 |
161017s1982 hu o 0|| hun d |
| 022 |
|
|
|a 1219-0039
|
| 040 |
|
|
|a SZTE Egyetemi Kiadványok Repozitórium
|b hun
|
| 041 |
|
|
|a hun
|
| 100 |
1 |
|
|a Szolnoky Jenő
|
| 245 |
1 |
0 |
|a Göllesz Viktor
|h [elektronikus dokumentum] :
|b A fejlődéstan alapjai /
|c Szolnoky Jenő
|
| 260 |
|
|
|c 1982
|
| 300 |
|
|
|a 264
|
| 490 |
0 |
|
|a Módszertani közlemények
|v 22 No. 4
|
| 695 |
|
|
|a Neveléstudomány
|
| 700 |
0 |
1 |
|a Göllesz Viktor
|e aut
|
| 856 |
4 |
0 |
|u http://acta.bibl.u-szeged.hu/27024/1/modszertani_022_004_264.pdf
|z Dokumentum-elérés
|